000 00522nam a2200193Ia 4500
005 20260114185818.0
008 008 260114s9999 xx 000 0 eng d
020 _a9781501307355
037 _aEBOOK
040 _aCRL
_beng
_cCRL
041 _aeng
_2eng
084 _qCRL
100 _aLydia Pyne
_9874700
245 0 _aBookshelf
260 _bBloomsbury
_c2016
856 _uhttps://doi.org/10.5040/9781501307355?locatt=label:secondary_bloomsburyCollections
942 _cEBOOK
999 _c1473634
_d1473634